[Event "EWCCC Online Final 2020"]
[Site "Online"]
[Date "2020.12.21"]
[Round "2.3"]
[White "Papp, Petra"]
[Black "Bodnaruk, Anastasia"]
[Result "1-0"]
[WhiteElo "2336"]
[BlackElo "2423"]
[Annotator "TA"]
[PlyCount "123"]
[EventDate "2020.12.19"]
[EventType "team-tourn"]
[EventCountry "NET"]
[SourceTitle "playchess.com"]
[Source "ChessBase"]
[SourceQuality "1"]

{[%evp 11,123,0,0,0,0,0,20,21,31,0,0,-54,-68,-64,-25,-83,-79,-102,0,6,-11,-31,8,-45,-39,-64,19,15,25,61,64,-65,-80,-113,-69,-85,0,0,0,0,14,-70,73,42,98,0,516,506,501,470,501,489,544,553,604,593,601,589,576,537,720,711,701,705,923,697,1104,1023,1023,997,1154,904,877,848,850,850,850,850,1167,1146,8337,1020,1083,1091,4813,4805,2333,1835,12850,29937,29937,12845,5327,5327,29977,29978,29974,1315,29950,29944,5198,4137,4137,4137,4137,4133,4779,4779,4137,0,4137,4137,4133,4129]} 1. e4 c5 2. Nf3 d6 3. d4 cxd4 4. Nxd4 Nf6 5. Nc3 a6 6. Rg1 b5 7. g4 {B90: Sicilian Najdorf: Unusual White 6th moves, 6 Be3 Ng4 and 6 Be3 e5.} Bb7 8. Bg2 {8.g5 is more fashionable.} e6 9. g5 {The position is equal.} Nfd7 10. Be3 Nb6 {[#]} 11. Qd3 $146 (11. a3 $11) ({Predecessor:} 11. b3 N8d7 12. Qd2 Rc8 13. h4 Qc7 14. Nce2 b4 15. h5 g6 16. O-O-O d5 17. Ng3 {0-1 (24) Ghazarian,K (2181)-Nurmanova,A (2026) chess.com INT 2020}) 11... N8d7 $15 12. a3 Nc4 13. O-O-O (13. Bc1 $1 $11) 13... Rc8 $1 $17 14. f4 Qa5 (14... Nc5 $17 15. Qe2 Qa5) 15. Nb3 $36 {[%mdl 2048] White is more active.} Qc7 16. Bd2 Ndb6 17. Be1 (17. f5 $11) 17... Be7 $15 18. h4 d5 (18... O-O $15) 19. exd5 $11 Rd8 ({Much weaker is} 19... Qxf4+ $6 20. Kb1 $16) 20. Bg3 Bd6 21. Rgf1 (21. Qd4 $14) 21... O-O $15 22. Kb1 exd5 23. Nd4 {[#]} ({Not} 23. Nxd5 $2 Nxd5 24. Bxd5 Bxd5 $19) 23... Nxb2 (23... Rc8 $1 $17 {aiming for ...Nxb2!} 24. Rf3 Nd7) 24. Kxb2 $11 {Threatens to win with Ka2.} Nc4+ $1 25. Ka1 Bxa3 26. Na2 (26. Rf3 $11) 26... Qa5 (26... Bb2+ $15 27. Kb1 Bxd4 28. Qxd4 Na3+ {[%mdl 64] Discovered Attack} 29. Kb2 Qxc2+ {[%mdl 64] Double Attack} 30. Kxa3 Qxg2) 27. Be1 Qa4 {[#]} (27... Qb6 $14) 28. Rf3 (28. Rb1 $1 $16) 28... Nb2 $2 {[%mdl 8192] White now steadily converts the win.} (28... Rfe8 $11 29. Bf2 Nb2 30. Qxa3 Qxa3 31. Rxa3 Nxd1) 29. Qxa3 $18 Qxa3 30. Rxa3 Nxd1 31. Rd3 Rfe8 32. Rxd1 Rc8 33. Kb2 g6 34. Bb4 Re3 35. Re1 Rce8 36. Rxe3 Rxe3 37. Nc3 h6 38. Bxd5 Bc8 39. Ne4 hxg5 40. hxg5 Bh3 41. Nf6+ Kg7 42. Bd6 Re1 43. Be5 Kf8 44. Nc6 Bf5 45. Bc3 Rf1 46. Ne5 {And now Bb4+ would win.} Rxf4 47. Nxf7 b4 48. Be5 Rf2 49. Bb3 Bxc2 50. Bd6+ {[%mdl 64] Double Attack} Kg7 51. Ne8+ Kh7 52. Bxc2 Rxf7 53. Nf6+ Kg7 54. Bxb4 (54. Be4 $142 Kh8 55. Bd5 Rg7 56. Ne8 Kh7 57. Bxb4 Ra7 58. Bc5 Rg7 59. Ka3) 54... Rb7 55. Ka3 Rb5 56. Bc3 Kf7 57. Ne4 {Intending Nd6+ and mate.} Ke6 58. Bb3+ Ke7 59. Bb4+ Kd8 60. Bc3 $2 (60. Bf7 $18 a5 61. Bc3) 60... Rf5 $2 {[%mdl 8192]} (60... Ke7 $11 61. Bb4+ Kd8) 61. Bf6+ Kd7 62. Bf7 {Accuracy: White = 67%, Black = 43%.} 1-0

[Event "EWCCC Online Final 2020"]
[Site "Online"]
[Date "2020.12.21"]
[Round "2.4"]
[White "Badelka, Olga"]
[Black "Nandhidhaa, P V"]
[Result "0-1"]
[WhiteElo "2440"]
[BlackElo "2365"]
[Annotator "NA"]
[PlyCount "81"]
[EventDate "2020.12.19"]
[EventType "team-tourn"]
[EventCountry "NET"]
[SourceTitle "playchess.com"]
[Source "ChessBase"]
[SourceQuality "1"]
[TimeControl "900+5"]

1. c4 {[%emt 0:00:00]} e5 {[%emt 0:00:03]} 2. g3 {[%emt 0:00:03]} Nc6 {[%emt 0:00:02]} 3. Bg2 {[%emt 0:00:02]} f5 {[%emt 0:00:02]} 4. d3 {[%emt 0:00:04]} Nf6 {[%emt 0:00:03]} 5. Nc3 {[%emt 0:00:02]} Bc5 {[%emt 0:00:11]} 6. Nf3 {[%emt 0:00:24]} O-O {[%emt 0:00:12]} 7. O-O {[%emt 0:00:14]} d6 {[%emt 0:00:04]} 8. e3 {[%emt 0:00:19]} a6 {[%emt 0:00:26]} 9. a3 {[%emt 0:00:20]} Ba7 {[%emt 0:00:24]} 10. b4 {[%emt 0:00:10]} Ne7 {[%emt 0:00:14]} 11. d4 {[%emt 0:00:18]} e4 {[%emt 0:00:44]} 12. Ne1 {[%emt 0:00:09]} c6 {[%emt 0:00:07]} 13. d5 {[%emt 0:03:42]} cxd5 {[%emt 0:00:22]} 14. cxd5 {[%emt 0:00:08]} Ng6 {[%emt 0:00:48]} 15. f3 {[%emt 0:00:29]} Ne5 {[%emt 0:00:26]} 16. f4 {[%emt 0:01:07]} Nc4 {[%emt 0:02:17]} 17. Nc2 {[%emt 0:00:07]} b5 {[%emt 0:00:17]} 18. Nd4 {[%emt 0:02:22]} Ng4 {[%emt 0:00:16]} 19. Re1 {[%emt 0:00:33]} Qf6 {[%emt 0:00:09]} 20. Nce2 {[%emt 0:03:46]} Ncxe3 {[%emt 0:01:06]} 21. Bxe3 {[%emt 0:00:02]} Nxe3 {[%emt 0:00:06]} 22. Qd2 {[%emt 0:00:01]} Nc4 {[%emt 0:00:16]} 23. Qc3 {[%emt 0:00:01]} Bb7 {[%emt 0:00:36]} 24. Kh1 {[%emt 0:00:21]} Bxd5 {[%emt 0:00:03]} 25. Rad1 {[%emt 0:00:05]} Rac8 {[%emt 0:00:18]} 26. Nxb5 {[%emt 0:00:41]} axb5 {[%emt 0:00:26]} 27. Qxf6 {[%emt 0:00:07]} Rxf6 {[%emt 0:00:03]} 28. Rxd5 {[%emt 0:00:02]} Ne3 {[%emt 0:00:41]} 29. Rxb5 {[%emt 0:00:11]} d5 {[%emt 0:00:03]} 30. Rb7 {[%emt 0:00:09]} Rf7 {[%emt 0:00:09]} 31. Rxf7 {[%emt 0:01:00]} Kxf7 {[%emt 0:00:03]} 32. Rc1 {[%emt 0:00:05]} Rxc1+ {[%emt 0:00:26]} 33. Nxc1 {[%emt 0:00:02]} d4 {[%emt 0:00:02]} 34. Nb3 {[%emt 0:00:10]} d3 {[%emt 0:00:17]} 35. Kg1 {[%emt 0:00:27]} Nc2+ {[%emt 0:01:18]} 36. Kf1 {[%emt 0:00:03]} e3 {[%emt 0:00:19]} 37. Bf3 {[%emt 0:00:07]} Nxa3 {[%emt 0:00:20]} 38. Na5 {[%emt 0:00:09]} Nc2 {[%emt 0:00:30]} 39. Nc6 {[%emt 0:00:04]} Nd4 {[%emt 0:00:56]} 40. Ne5+ {[%emt 0:00:06]} Ke7 {[%emt 0:00:15]} 41. Bh1 {[%emt 0:00:06]} 0-1

[Event "EWCCC Online Final 2020"]
[Site "Online"]
[Date "2020.12.21"]
[Round "2.4"]
[White "Tokhirjonova, Gulrukhbegim"]
[Black "Pogonina, Natalija"]
[Result "1-0"]
[WhiteElo "2378"]
[BlackElo "2474"]
[Annotator "TA"]
[PlyCount "113"]
[EventDate "2020.12.19"]
[EventType "team-tourn"]
[EventCountry "NET"]
[SourceTitle "playchess.com"]
[Source "ChessBase"]
[SourceQuality "1"]

{[%evp 27,113,17,42,0,0,0,0,0,0,8,6,4,15,12,16,26,29,0,20,5,22,6,10,0,0,0,20,0,0,0,0,0,-7,0,0,0,0,0,0,-12,0,0,19,18,18,22,30,32,66,76,67,93,113,53,350,316,312,312,863,759,752,517,1557,1388,2581,2867,2106,1727,1404,1185,12830,12002,5727,4397,12833,1754,12835,12835,12841,12841,12839,12840,12841,12841,12842,12843,29988,29988]} 1. e4 e5 2. Nf3 Nc6 3. Bb5 a6 4. Ba4 Nf6 5. O-O Be7 6. Re1 b5 7. Bb3 d6 8. c3 O-O 9. d4 Bg4 10. Be3 exd4 11. cxd4 Na5 12. Bc2 Nc4 13. Bc1 c5 14. b3 Nb6 15. h3 {C91: Closed Ruy Lopez: 7...d6 8 c3 0-0 9 d4.} Bxf3 16. Qxf3 cxd4 17. Bb2 {The position is equal.} Nfd7 18. Bxd4 Bf6 19. Bxf6 Qxf6 20. Qxf6 Nxf6 21. Nd2 Rac8 22. Rac1 {[#]} Rfe8 $146 ({Predecessor:} 22... Rc5 23. Bb1 Rfc8 24. Rcd1 Kf8 25. Nf3 Ne8 26. Nd4 g6 27. f4 d5 28. e5 Ng7 {1-0 (62) Sorokina,V (2201)-Guda,M Kiev 2002}) 23. Bd3 Nfd7 24. f3 g6 25. Kf2 Nc5 26. Bf1 Ne6 27. Nb1 d5 28. exd5 Nxd5 29. Red1 {[#] Hoping for Rxc8.} Rxc1 30. Rxc1 Rd8 31. Rd1 Kf8 32. g3 Ke7 33. f4 Nc5 34. Bg2 Nf6 35. Rxd8 Kxd8 $11 {[%mdl 4096] Endgame KBN-KNN} 36. Ke3 Kc7 37. Nc3 b4 38. Nd5+ Nxd5+ 39. Bxd5 $16 {KB-KN} f6 40. Kd4 (40. Bg8 $16) 40... Kb6 $2 {[%mdl 8192] [#] Black cannot hold the game after this.} (40... Kd6 $14) 41. h4 $18 h6 42. g4 g5 $2 (42... Nd7 43. Be4 g5) 43. fxg5 fxg5 44. h5 a5 (44... Nd7 $142 45. Bc4 Kc7) 45. Ke5 Nd3+ 46. Kf6 Kc5 47. Bf7 Kd6 48. Bg6 Nc1 49. Kg7 Ke7 50. Kxh6 Kf6 51. Kh7 Ne2 52. Kg8 Nd4 53. Bf7 Nc6 54. h6 Ne5 55. Be8 Nxg4 56. h7 Nh6+ 57. Kf8 {Weighted Error Value: White=0.08/Black=0.59} 1-0

[Event "EWCCC Online Final 2020"]
[Site "Online"]
[Date "2020.12.21"]
[Round "2.4"]
[White "Kovanova, Baira"]
[Black "Muminova, Nafisa"]
[Result "1-0"]
[WhiteElo "2328"]
[BlackElo "2274"]
[Annotator "TA"]
[PlyCount "123"]
[EventDate "2020.12.19"]
[EventType "team-tourn"]
[EventCountry "NET"]
[SourceTitle "playchess.com"]
[Source "ChessBase"]
[SourceQuality "1"]

{[%evp 22,123,24,18,38,0,8,3,93,77,110,102,91,100,102,100,123,120,135,109,94,30,46,34,35,37,161,154,196,206,316,308,456,434,442,428,362,252,576,570,512,337,304,256,367,360,379,350,1246,0,337,331,306,294,411,327,5281,242,322,335,331,331,338,337,2196,330,1450,268,249,239,314,306,29986,1524,1745,1762,1292,1652,12839,12832,12833,12833,12835,12831,12829,1453,2464,2321,12836,12836,12837,12837,12837,12838,12839,12839,12840,12840,12841,12841,12841,12842,29993,29994]} 1. Nf3 e6 2. c4 b6 3. d4 Bb7 4. Nc3 d5 5. cxd5 exd5 6. Bf4 Nf6 7. e3 Be7 8. Bb5+ c6 9. Bd3 O-O 10. h3 c5 11. O-O Nbd7 12. Rc1 Ne4 {D37: Queen's Gambit Declined: 5 Bf4.} 13. Ne5 (13. Qc2 {seems wilder.} f5 14. dxc5 bxc5 15. Rfd1 Qc8 16. Nb5) 13... Nxe5 14. Bxe5 {[#]} Bf6 $146 (14... Nxc3 $11 {remains equal.} 15. Rxc3 c4) ({Predecessor:} 14... f6 15. Bh2 Nxc3 16. Rxc3 c4 17. Bb1 f5 18. Be5 g6 19. f4 b5 20. g4 Bc8 21. Rc2 Bd6 {½-½ (44) Fridl,M (1997)-Mahmutbegovic,N (1664) Nasice 2012}) 15. Bxe4 $16 {aiming for Bxf6.} dxe4 16. Bxf6 Qxf6 17. dxc5 bxc5 18. Qc2 Rfe8 19. Rfd1 Re5 20. Qb3 Bc6 21. Nd5 (21. Rc2 $16) 21... Bxd5 22. Rxd5 Rxd5 23. Qxd5 $40 {[%mdl 4288] Endgame Double Attack. KQR-KQR. White has some attack.} Rb8 {White stays focused until the end.} (23... Rd8 $14 24. Qxe4 Qxb2 {[%mdl 64] Double Attack} 25. Rxc5 Qxa2) 24. Qxc5 $18 ({Much less strong is} 24. Qxe4 $6 Qxb2 25. Rxc5 Qxa2 $14) 24... h6 25. b3 ({Resist} 25. Qxa7 Qxb2 26. Rd1 Rb7 $16) 25... Rd8 (25... Qa6 {was called for.} 26. Qc7 Ra8) 26. Qxa7 Rd2 (26... Kh7 $142 27. Qa5 Rd3) 27. Qa8+ Kh7 28. Qxe4+ g6 29. Qf3 Qe6 $2 (29... Qxf3 {is a better chance.} 30. gxf3 Rxa2) 30. Rc6 Qd7 31. g3 Rxa2 32. Kg2 Rb2 (32... Ra5 $142) 33. Rb6 {And now Rb7 would win.} Kg8 34. Qf6 {Threatening mate with Rb8+.} Qd5+ $2 {[#]} (34... Rc2 35. b4 Qd5+ 36. Kh2 Rc8) 35. Qf3 $2 (35. e4 $1 $18 {Rb8+ would kill now.} Rxf2+ (35... Qxe4+ 36. Kh2) 36. Qxf2 Qxe4+ 37. Kh2) 35... Qe5 $2 {[%mdl 8192]} (35... Qd7 $1 $11 {and Black stays safe.} 36. b4 Qd8) 36. Rb7 Qe6 37. e4 Rc2 38. Qd3 Rb2 $2 (38... Rc8 39. b4 Re8) 39. Qd5 $2 (39. Rb8+ Kg7 40. Qc3+ Qf6 41. Rg8+ $1 {[%mdl 576] Deflection} Kxg8 42. Qxf6 Rxb3 43. e5) 39... Qf6 40. Qc5 Rd2 41. Qe3 Rb2 42. Rb6 Qe7 $2 (42... Qd8 43. Qc5 Rd2) 43. Rc6 $2 (43. Rb8+ Kg7 44. Qd4+ Qf6 {[#]} 45. Rg8+ $1 {[%mdl 576] Deflection} Kxg8 46. Qxf6 Rxb3 47. e5) 43... Ra2 $2 (43... Qe8 44. Rc4 Kh7) 44. Rc4 $2 (44. Rc8+ Kh7 45. Qd4) 44... Qf6 45. e5 Qf5 46. Rf4 Qb1 $2 (46... Qd7 $18 47. Rf6 Ra1) 47. Ra4 (47. e6 $142 Qf5 48. Rxf5 {[%mdl 64] Discovered Attack} gxf5 49. e7 Ra8 50. e8=Q+ Rxe8 51. Qxe8+ Kg7 52. b4) 47... Rxa4 48. bxa4 {KQ-KQ} Qb7+ 49. Qf3 Qb4 50. Qc6 Kg7 51. h4 h5 52. Qf6+ Kg8 53. Qf4 (53. Kh2 $142 Qxa4 54. e6 {[%mdl 64] Overworked Piece} fxe6 55. Qxg6+ {[%mdl 64] Double Attack} Kf8 56. Qf6+ Ke8 57. Qxe6+ Kf8 58. Qf5+ Kg7 59. Qg5+ Kf8 60. Qf5+ Kg7 61. Qg5+ Kh7 62. Qxh5+ Kg7 63. Qe5+ Kh7 64. Qh5+ Kg7 65. Qe5+ Kh7 66. h5) 53... Qc5 54. Qe4 Kg7 55. e6 fxe6 56. Qxe6 Qa5 57. Qd7+ Kf6 58. Qb5 Qa8+ 59. Kg1 Qf3 60. a5 Qd1+ 61. Kg2 Qd7 62. Qxd7 {Weighted Error Value: White=0.81/Black=0.86} 1-0

[Event "EWCCC Online Final 2020"]
[Site "Online"]
[Date "2020.12.21"]
[Round "2.4"]
[White "Dauletova, Gulmira"]
[Black "Dordzhieva, Dinara"]
[Result "0-1"]
[WhiteElo "2319"]
[BlackElo "2334"]
[Annotator "TA"]
[PlyCount "132"]
[EventDate "2020.12.19"]
[EventType "team-tourn"]
[EventCountry "NET"]
[SourceTitle "playchess.com"]
[Source "ChessBase"]
[SourceQuality "1"]

{[%evp 18,132,34,4,7,-10,8,-4,11,12,6,8,70,64,68,69,73,51,53,54,57,45,113,127,182,191,193,138,132,152,156,61,164,84,79,48,183,55,71,0,186,0,60,52,58,-51,77,-33,-22,-66,-64,-291,-283,-291,-304,-300,-286,-271,-275,-290,-259,-378,-372,-583,-589,-599,-565,-580,-544,-800,-815,-1410,-1389,-1020,-656,-1002,-981,-950,-947,-901,-879,-831,-728,-29970,-29973,-29973,-29968,-29974,-29975,-29973,-12798,-12798,-12798,-29967,-29970,-29968,-29972,-29972,-29973,-29972,-539,-221,-221,-29959,-221,-29985,-29986,-29987,-29984,-29984,-29985,-29985,-29986,-29986,-29987,-29987,-29988]} 1. e4 c5 2. Nf3 e6 3. d4 cxd4 4. Nxd4 Nf6 5. Nc3 d6 6. g3 Be7 7. Bg2 a6 8. O-O Qc7 9. Be3 Nc6 10. h3 O-O {B80: Sicilian Scheveningen: 6 g3 and 6 Be3, including English Attack.} 11. Qe2 Re8 12. Rad1 Bd7 {[#] The position is equal.} 13. Nb3 $146 ({Predecessor:} 13. g4 Nxd4 14. Rxd4 Bc6 15. Rfd1 b5 16. Bg5 h6 17. Bh4 Rac8 18. Bg3 e5 19. Rb4 {1-0 (58) Sochacki,C (2358)-Shchekachev,A (2537) Paris 2011}) 13... b5 14. a3 Rac8 (14... b4 $11 15. axb4 Nxb4) 15. g4 $14 {Threatens to win with g5.} g6 16. f4 b4 17. axb4 Nxb4 18. Qf2 Bc6 19. f5 exf5 (19... gxf5 $1 $14 20. Nd4 (20. exf5 Bxg2 21. Qxg2 Qc6 $14) (20. gxf5 e5 $14) 20... Bb7) 20. gxf5 $16 Bb5 (20... Nd7 $16 {was necessary.}) 21. Nxb5 $18 axb5 22. c3 (22. Nd4 $18 Qc4 23. b3) 22... Nc6 $16 23. Nd4 Ne5 24. Nxb5 (24. fxg6 $1 $16 hxg6 25. Nxb5) 24... Qc4 (24... Qb8 $14) 25. Nd4 (25. Nxd6 $18 Bxd6 26. Rxd6 Nxe4 27. Bxe4 Qxe4 28. fxg6 hxg6 29. Bd4) 25... Rb8 26. Rd2 Nd3 {[#]} ({Better is} 26... Qc7 $14) 27. Qe2 ({White should try} 27. Rxd3 $1 $18 {[%mdl 512]} Qxd3 28. fxg6 hxg6 29. Bg5) 27... Ne5 $14 28. Qf2 (28. Qd1 $16) 28... Nd3 $18 {[#]} 29. Qe2 ({White must play} 29. Rxd3 $1 $18 {[%mdl 512]} Qxd3 30. fxg6 hxg6 31. Bg5) 29... Ne5 $14 {[%cal Bd3e5,Be5c4,Bc4b2][%mdl 32]} 30. Qd1 Nh5 31. Kh2 (31. fxg6 $14 hxg6 32. Nf5) 31... Bh4 (31... d5 $15 {stays ahead.} 32. Bh6 (32. exd5 Qc7 $11) 32... dxe4) 32. Ne2 (32. fxg6 $16 hxg6 33. Nf5) 32... Qc7 $15 33. Kg1 Nc4 {[%mdl 64] Double Attack} 34. Rd3 $2 ({White should play} 34. Bd4 $15) 34... Nxb2 $19 35. Qd2 Nxd3 36. Qxd3 Ng3 37. Nxg3 Bxg3 38. fxg6 hxg6 39. Bd4 (39. e5 $142 Bxe5 40. Bd5 $1 {[%mdl 512]}) 39... Be5 40. Bf3 (40. Qd2 $142) 40... Rb2 41. Bg2 Qe7 42. Qf3 Reb8 43. Qg4 Rc2 44. h4 Bxd4+ 45. cxd4 Qa7 {White must now prevent ...Rbb2.} 46. e5 dxe5 47. Bd5 Qxd4+ 48. Qxd4 exd4 49. Rxf7 {[%mdl 4096] Endgame KRR-KRB} Kh8 50. Be4 Rb1+ 51. Rf1 Rxf1+ 52. Kxf1 {KR-KB} Rh2 53. Bxg6 Rxh4 (53... Kg7 $142 54. h5 Kh6 55. Bf7 Kg5 56. Kg1 Rb2 57. Bg6 Kf4 58. Kh1 Ra2 59. Kg1 Ke3 60. h6 Ra6 61. Bh7 d3 62. Bf5 d2 63. Bc2 Rg6+ 64. Kh2 Rxh6+ 65. Kg3 Rc6 66. Bb3 Rc3 67. Bd1 Rc1 68. Bb3 d1=Q 69. Bxd1 Rxd1 70. Kg2 Ke2 71. Kg3 Rd4 72. Kg2 Rd3 73. Kh1 Kf1 74. Kh2 Kf2 75. Kh1 Rh3#) 54. Ke2 Kg7 55. Bb1 Kf6 56. Kd3 Ke5 57. Bc2 Rh3+ 58. Kd2 Rh2+ (58... Ra3 $142 59. Bg6 Ra6 60. Bh7 Ra2+ 61. Kd3 Rg2 62. Kc4 Rg7 63. Bd3 Rc7+ 64. Kb4 Kf4 65. Bg6 Ke3 66. Bh5 Rc1 67. Ka4 d3 68. Kb5 d2 69. Kb4 Kd4 70. Bg4 d1=Q 71. Bxd1 Rxd1 72. Kb5 Kd5 73. Kb4 Rd3 74. Kb5 Rb3+ 75. Ka4 Rb1 76. Ka5 Kc4 77. Ka6 Kc5 78. Ka7 Kc6 79. Ka8 Kc7 80. Ka7 Ra1#) 59. Kd3 Rh1 60. Kd2 $2 {[#]} (60. Ba4 $19) 60... Kd5 $2 (60... Ra1 $1 {mates} 61. Bb3 Ra7 62. Bc4 Ke4 63. Bd3+ Kd5 64. Bb5 Rb7 65. Bf1 Rb1 66. Be2 Rb2+ 67. Kd3 Rb3+ 68. Kc2 Ra3 69. Bd3 Ke5 70. Bg6 Rg3 71. Bh5 Ke4 72. Kd2 d3 73. Bd1 Kd4 74. Bh5 Rg2+ 75. Kd1 Ke3 76. Kc1 Rc2+ 77. Kb1 Kd2 78. Bf7 Kc3 79. Bg6 Re2 80. Bxd3 Kxd3 81. Kc1 Kc3 82. Kb1 Re1+ 83. Ka2 Rd1 84. Ka3 Ra1#) 61. Bd3 $2 {Cut Off at move 61} (61. Bb3+ $19 Ke5 62. Ba4) 61... Rh2+ {Black mates.} 62. Kd1 Kc5 63. Be2 Kb4 64. Kd2 {[#]} Rxe2+ $1 {[%mdl 64] Deflection} 65. Kxe2 Kc3 66. Kd1 Kd3 {Black used his chance.  Weighted Error Value: White=0.97/Black=0.39} 0-1

[Event "EWCCC Online Final 2020"]
[Site "Online"]
[Date "2020.12.21"]
[Round "2.5"]
[White "Goryachkina, Aleksandra"]
[Black "Muzychuk, Anna"]
[Result "1/2-1/2"]
[WhiteElo "2592"]
[BlackElo "2535"]
[Annotator "ChessBase"]
[PlyCount "72"]
[EventDate "2020.12.19"]
[EventType "team-tourn"]
[EventCountry "NET"]
[SourceTitle "playchess.com"]
[Source "ChessBase"]
[SourceQuality "1"]
[TimeControl "900+5"]

1. d4 {[%emt 0:00:00]} Nf6 {[%emt 0:00:05]} 2. c4 {[%emt 0:00:03]} g6 {[%emt 0:00:03]} 3. Nf3 {[%emt 0:00:02]} Bg7 {[%emt 0:00:07]} 4. g3 {[%emt 0:00:01]} O-O {[%emt 0:00:04]} 5. Bg2 {[%emt 0:00:02]} c6 {[%emt 0:00:05]} 6. O-O {[%emt 0:00:05]} d5 {[%emt 0:00:02]} 7. Qb3 {[%emt 0:00:07]} Qb6 {[%emt 0:00:04]} 8. Nc3 {[%emt 0:00:04]} Rd8 {[%emt 0:00:03]} 9. Na4 {[%emt 0:00:08]} Qxb3 {[%emt 0:00:40]} 10. axb3 {[%emt 0:00:02]} Na6 {[%emt 0:00:17]} 11. Bf4 {[%emt 0:00:03]} Bf5 {[%emt 0:00:50]} 12. Rfc1 {[%emt 0:00:27]} h6 {[%emt 0:00:41]} 13. Be5 {[%emt 0:00:42]} g5 {[%emt 0:01:31]} 14. Nc3 {[%emt 0:01:13]} Ne4 {[%emt 0:00:48]} 15. Bxg7 {[%emt 0:00:30]} Kxg7 {[%emt 0:00:02]} 16. Ra4 {[%emt 0:01:12]} e6 {[%emt 0:03:08]} 17. e3 {[%emt 0:00:38]} Nc7 {[%emt 0:01:50]} 18. Nxe4 {[%emt 0:01:07]} Bxe4 {[%emt 0:00:03]} 19. Nd2 {[%emt 0:00:24]} Bxg2 {[%emt 0:00:28]} 20. Kxg2 {[%emt 0:00:01]} a6 {[%emt 0:00:30]} 21. Nf3 {[%emt 0:00:18]} Ne8 {[%emt 0:00:32]} 22. h4 {[%emt 0:01:33]} f6 {[%emt 0:00:17]} 23. hxg5 {[%emt 0:01:22]} hxg5 {[%emt 0:00:03]} 24. c5 {[%emt 0:00:04]} Nc7 {[%emt 0:01:18]} 25. Rh1 {[%emt 0:00:17]} Rh8 {[%emt 0:00:12]} 26. Raa1 {[%emt 0:00:03]} Rxh1 {[%emt 0:00:09]} 27. Rxh1 {[%emt 0:00:03]} Nb5 {[%emt 0:00:43]} 28. g4 {[%emt 0:00:27]} Rb8 {[%emt 0:00:43]} 29. Ra1 {[%emt 0:02:15]} Rh8 {[%emt 0:00:07]} 30. b4 {[%emt 0:00:12]} Kg6 {[%emt 0:00:13]} 31. Rh1 {[%emt 0:00:16]} Rb8 {[%emt 0:00:13]} 32. Nd2 {[%emt 0:00:44]} Re8 {[%emt 0:00:51]} 33. Nf3 {[%emt 0:00:20]} Ra8 {[%emt 0:00:06]} 34. Ra1 {[%emt 0:00:18]} Rh8 {[%emt 0:00:04]} 35. Rh1 {[%emt 0:00:03]} Ra8 {[%emt 0:00:02]} 36. Ra1 {[%emt 0:00:21]} Rh8 {[%emt 0:00:02]} 1/2-1/2

[Event "EWCCC Online Final 2020"]
[Site "Online"]
[Date "2020.12.21"]
[Round "2.5"]
[White "Muzychuk, Mariya"]
[Black "Dzagnidze, Nana"]
[Result "1/2-1/2"]
[WhiteElo "2544"]
[BlackElo "2524"]
[Annotator "ChessBase"]
[PlyCount "111"]
[EventDate "2020.12.19"]
[EventType "team-tourn"]
[EventCountry "NET"]
[SourceTitle "playchess.com"]
[Source "ChessBase"]
[SourceQuality "1"]
[TimeControl "900+5"]

1. e4 {[%emt 0:00:00]} c5 {[%emt 0:00:03]} 2. Nf3 {[%emt 0:00:03]} Nc6 {[%emt 0:00:01]} 3. Bb5 {[%emt 0:00:04]} g6 {[%emt 0:00:03]} 4. Bxc6 {[%emt 0:00:12]} dxc6 {[%emt 0:00:08]} 5. d3 {[%emt 0:00:09]} Qc7 {[%emt 0:00:07]} 6. Nbd2 {[%emt 0:02:57]} e5 {[%emt 0:01:17]} 7. Nc4 {[%emt 0:00:02]} f6 {[%emt 0:00:09]} 8. Bd2 {[%emt 0:00:26]} Be6 {[%emt 0:00:03]} 9. Qe2 {[%emt 0:00:15]} Nh6 {[%emt 0:00:25]} 10. a4 {[%emt 0:00:36]} Nf7 {[%emt 0:00:07]} 11. a5 {[%emt 0:00:07]} Nd6 {[%emt 0:01:29]} 12. O-O {[%emt 0:00:25]} Nxc4 {[%emt 0:02:31]} 13. dxc4 {[%emt 0:00:03]} Be7 {[%emt 0:00:01]} 14. Nh4 {[%emt 0:01:36]} O-O-O {[%emt 0:00:51]} 15. a6 {[%emt 0:02:36]} b6 {[%emt 0:00:14]} 16. f4 {[%emt 0:00:50]} Rd4 {[%emt 0:02:39]} 17. b3 {[%emt 0:00:25]} f5 {[%emt 0:00:08]} 18. exf5 {[%emt 0:00:28]} gxf5 {[%emt 0:00:04]} 19. Nf3 {[%emt 0:00:27]} Re4 {[%emt 0:01:10]} 20. Qf2 {[%emt 0:00:09]} exf4 {[%emt 0:00:02]} 21. Bc3 {[%emt 0:00:58]} Rg8 {[%emt 0:00:04]} 22. Rfe1 {[%emt 0:00:06]} Bd6 {[%emt 0:01:20]} 23. Rad1 {[%emt 0:00:02]} Qe7 {[%emt 0:00:42]} 24. Ne5 {[%emt 0:00:34]} Bd7 {[%emt 0:01:17]} 25. Nxd7 {[%emt 0:01:55]} Kxd7 {[%emt 0:00:08]} 26. Rxe4 {[%emt 0:00:17]} fxe4 {[%emt 0:00:10]} 27. Qxf4 {[%emt 0:00:05]} Rf8 {[%emt 0:01:15]} 28. Qh6 {[%emt 0:00:20]} e3 {[%emt 0:00:30]} 29. Re1 {[%emt 0:00:30]} e2 {[%emt 0:00:13]} 30. Qd2 {[%emt 0:00:11]} Qh4 {[%emt 0:00:04]} 31. g3 {[%emt 0:00:10]} Rf1+ {[%emt 0:00:09]} 32. Rxf1 {[%emt 0:00:10]} Qxh2+ {[%emt 0:00:04]} 33. Kxh2 {[%emt 0:00:02]} exf1=N+ {[%emt 0:00:02]} 34. Kh3 {[%emt 0:00:01]} Nxd2 {[%emt 0:00:01]} 35. Bxd2 {[%emt 0:00:02]} Ke6 {[%emt 0:00:07]} 36. Kg4 {[%emt 0:00:02]} Kf6 {[%emt 0:00:06]} 37. Bg5+ {[%emt 0:00:22]} Kg6 {[%emt 0:00:02]} 38. Bd8 {[%emt 0:00:01]} Bb8 {[%emt 0:00:04]} 39. c3 {[%emt 0:00:21]} h6 {[%emt 0:00:10]} 40. b4 {[%emt 0:00:09]} cxb4 {[%emt 0:00:03]} 41. cxb4 {[%emt 0:00:02]} b5 {[%emt 0:00:01]} 42. cxb5 {[%emt 0:00:10]} cxb5 {[%emt 0:00:02]} 43. Be7 {[%emt 0:00:01]} Bc7 {[%emt 0:00:17]} 44. Bc5 {[%emt 0:00:02]} Bb8 {[%emt 0:00:01]} 45. Kh4 {[%emt 0:00:01]} h5 {[%emt 0:00:12]} 46. Be3 {[%emt 0:00:05]} Kf5 {[%emt 0:00:07]} 47. Kxh5 {[%emt 0:00:02]} Ke4 {[%emt 0:00:02]} 48. Bc5 {[%emt 0:00:02]} Bxg3 {[%emt 0:00:04]} 49. Bxa7 {[%emt 0:00:06]} Kd5 {[%emt 0:00:02]} 50. Bc5 {[%emt 0:00:04]} Kc6 {[%emt 0:00:01]} 51. Kg4 {[%emt 0:00:02]} Be1 {[%emt 0:00:02]} 52. Kf5 {[%emt 0:00:05]} Bxb4 {[%emt 0:00:03]} 53. Bxb4 {[%emt 0:00:06]} Kb6 {[%emt 0:00:02]} 54. Ke5 {[%emt 0:00:01]} Kxa6 {[%emt 0:00:01]} 55. Bc3 {[%emt 0:00:01]} b4 {[%emt 0:00:02]} 56. Bxb4 {[%emt 0:00:01]} 1/2-1/2